Prediche del Rev. Primo Maestro (Record n. 27243)

Dettagli MARC
000 -LEADER
fixed length control field 02924nam a2200229Ia 4500
003 - CONTROL NUMBER IDENTIFIER
control field IT-RoPAU
005 - DATE AND TIME OF LATEST TRANSACTION
control field 20220918175728.0
008 - FIXED-LENGTH DATA ELEMENTS--GENERAL INFORMATION
fixed length control field 120407s9999 xx 000 0 und d
040 ## - CATALOGING SOURCE
Original cataloging agency IT-RoPAU
040 ## - CATALOGING SOURCE
Transcribing agency IT-RoPAU
041 ## - LANGUAGE CODE
Language code of text/sound track or separate title ita
100 ## - MAIN ENTRY--PERSONAL NAME
Personal name Giacomo Alberione
Fuller form of name Fondatore Famiglia Paolina
9 (RLIN) 40
245 ## - TITLE STATEMENT
Title Prediche del Rev. Primo Maestro
Remainder of title Marzo-Dicembre 1954 Edizioni Paoline
250 ## - EDITION STATEMENT
Edition statement 1
260 ## - PUBLICATION, DISTRIBUTION, ETC. (IMPRINT)
Place of publication, distribution, etc. Roma
Name of publisher, distributor, etc. FSP
Date of publication, distribution, etc. 1957
300 ## - PHYSICAL DESCRIPTION
Extent 175 p.
Dimensions 18 cm
490 ## - SERIES STATEMENT
Volume/sequential designation Edizioni Paoline
Series statement 1
500 ## - GENERAL NOTE
General note Pubblichiamo le presenti prediche così come le abbiamo potute prendere dalla viva voce del Reverendissimo Primo Maestro
520 ## - SUMMARY, ETC.
Summary, etc. Indice<br/>Giovedì santo pag. 5<br/>Festa di S. Giuseppe >> 8<br/>Via crucis >> 11<br/>Festa della Regina degli Apostoli >> 22<br/>Per la Canonizzazione di Pio X >> 27<br/>Festa dell' Ascensione >> 33<br/>Festa liturgica della Regina degli Apostoli >> 39<br/>Domenica fra l' ottava dell' Ascensione >> 43<br/>Divozione alla Regina Apostolorum ( santificazione<br/> della mente >> 49<br/>Addolorata >> 51<br/>S.Messa >> 58<br/>Preparazione al mese di Ottobre >> 64<br/>Apostolato della Preghiera >> 68<br/>Apostolato del buon esempio >> 74<br/>La mortificazione >> 80<br/>La vocazione >> 86<br/>Recita del Rosario >> 92<br/>Vita sociale >> 96<br/>Che cos' è la chiesa >> 106<br/>Ora di adorazione >> 113<br/>Particolarità della nostra chiesa >> 120<br/>I nostri defunti >> 124<br/>La Redenzione >> 130<br/>Tecnica e propaganda >> 136<br/>Vita Religiosa Paolina >> 142<br/>Ordinazione dei Sacerdoti >> 148<br/>I Cooperatori >> 153<br/>Le Famiglie Paoline >> 160<br/>Propositi al termine dell' Anno Mariano >> 166
942 ## - ADDED ENTRY ELEMENTS (KOHA)
Koha item type LIBRO
Source of classification or shelving scheme Dewey Decimal Classification
Dati di copia
Withdrawn status Lost status Source of classification or shelving scheme Damaged status Not for loan Home library Current library Date acquired Total Checkouts Full call number Date last seen Price effective from Koha item type
    Dewey Decimal Classification Buone Condizioni Not For Loan PAULUS-BIBLIOTECA PAULUS-BIBLIOTECA 11/04/2012   P A3 11/04/2012 11/04/2012 LIBRO
    Dewey Decimal Classification Buone Condizioni Not For Loan PAULUS-BIBLIOTECA PAULUS-BIBLIOTECA 04/11/2013   P A3 04/11/2013 04/11/2013 LIBRO
    Dewey Decimal Classification Buone Condizioni Not For Loan PAULUS-BIBLIOTECA PAULUS-BIBLIOTECA 04/11/2013   P A3 04/11/2013 04/11/2013 LIBRO
    Dewey Decimal Classification Buone Condizioni Not For Loan PAULUS-BIBLIOTECA PAULUS-BIBLIOTECA 04/11/2013   P A3 04/11/2013 04/11/2013 LIBRO
CREDITS: SOCIETA' SAN PAOLO Via A.Severo, 58 - ROMA (RM) & PERIODICI SAN PAOLO SRL Via Giotto, 36 MILANO & CISF Via Giotto, 36 MILANO & EDIZIONI SAN PAOLO SRL,  Piazza Soncino, 5 CINISELLO BALSAMO (MI) -- ITALY